| 000 | 01161nas a2200349Ia 4500 | ||
|---|---|---|---|
| 003 | PE SENCICO BE | ||
| 005 | 20251020182632.0 | ||
| 008 | 230227c99999999xx |||||||||||| ||spa|| | ||
| 022 | _a1888-5616 | ||
| 040 |
_aPE SENCICO BE _cPE SENCICO BE |
||
| 041 | _aspa | ||
| 110 | 1 |
_aGeneral de Ediciones de Arquitectura S. L. _92370 |
|
| 245 | 1 | 0 |
_aEn blanco : _brevista de arquitectura / _cGeneral de Ediciones de Arquitectura S. L. |
| 260 |
_aValencia: _bGeneral de Ediciones de Arquitectura ; _c2012 - |
||
| 300 |
_av. _bil. col. ; _c28 cm. |
||
| 310 | _aCuatrimestral | ||
| 500 | _aDescripción basada en: N° 8 (2012) | ||
| 650 | 0 |
_aArquitectura _949 |
|
| 650 | 2 | 0 |
_aConcreto armado _9550 |
| 650 | 2 | 0 |
_aArquitectura moderna _9191 |
| 650 | 2 | 0 |
_aDiseño arquitectónico _918 |
| 650 | 2 | 0 |
_aEspacios públicos _9760 |
| 650 | 2 | 0 |
_aArquitectura paisajista urbana _91430 |
| 650 | 2 | 0 |
_aArquitectura urbana _9570 |
| 650 | 2 | 0 |
_aArquitectura ecológica _9806 |
| 650 | 2 | 0 |
_aArquitectura de interiores _98 |
| 650 | 2 | 0 |
_aArquitectura religiosa _9380 |
| 866 | _a2012 : No. 8 | ||
| 866 | _a2013 : No. 11, 13 | ||
| 910 |
_ahfp _bhfp _chfp |
||
| 942 |
_cREV _2ddc |
||
| 999 |
_c4014 _d4014 |
||